<?xml version="1.0" encoding="UTF-8"?><?xml-stylesheet type="text/xsl" href="static/style.xsl"?><OAI-PMH xmlns="http://www.openarchives.org/OAI/2.0/" xmlns:xsi="http://www.w3.org/2001/XMLSchema-instance" xsi:schemaLocation="http://www.openarchives.org/OAI/2.0/ http://www.openarchives.org/OAI/2.0/OAI-PMH.xsd"><responseDate>2026-06-01T18:11:01Z</responseDate><request verb="GetRecord" identifier="oai:riuma.uma.es:10630/32908" metadataPrefix="marc">https://riuma.uma.es/rest/oai/request</request><GetRecord><record><header><identifier>oai:riuma.uma.es:10630/32908</identifier><datestamp>2026-02-03T10:48:54Z</datestamp><setSpec>com_10630_2254</setSpec><setSpec>col_10630_37953</setSpec></header><metadata><record xmlns="http://www.loc.gov/MARC21/slim" xmlns:dcterms="http://purl.org/dc/terms/" xmlns:doc="http://www.lyncode.com/xoai" xmlns:xsi="http://www.w3.org/2001/XMLSchema-instance" xsi:schemaLocation="http://www.loc.gov/MARC21/slim http://www.loc.gov/standards/marcxml/schema/MARC21slim.xsd">
   <leader>00925njm 22002777a 4500</leader>
   <datafield ind2=" " ind1=" " tag="042">
      <subfield code="a">dc</subfield>
   </datafield>
   <datafield ind2=" " ind1=" " tag="720">
      <subfield code="a">Bonsón, Enrique</subfield>
      <subfield code="e">author</subfield>
   </datafield>
   <datafield ind2=" " ind1=" " tag="720">
      <subfield code="a">Bednárová, Michaela</subfield>
      <subfield code="e">author</subfield>
   </datafield>
   <datafield ind2=" " ind1=" " tag="720">
      <subfield code="a">Perea-Khalifi, David</subfield>
      <subfield code="e">author</subfield>
   </datafield>
   <datafield ind2=" " ind1=" " tag="260">
      <subfield code="c">2023</subfield>
   </datafield>
   <datafield ind2=" " ind1=" " tag="520">
      <subfield code="a">Over the last decade, the use of different artificial intelligence (AI) tools has increased. To shed some light on the emerging trend of AI disclosure, the aim of this paper is to analyse the current practices of major Western European companies regarding the automated decision-making (ADM) disclosure in their annual or sustainability reports. This paper proposes a methodology based on bigrams that enables the automatic extraction of the information on ADM that companies disclose. The sample consisted of 962 annual/sustainability reports, published in 2018 and 2019, of 337 companies listed on 13 Western European countries’ stock markets. Our findings show that ADM disclosure is still at an early stage and that the first adopters are mostly companies operating in the financial sector.</subfield>
   </datafield>
   <datafield ind1="8" ind2=" " tag="024">
      <subfield code="a">Bonsón, E., Bednárová, M., &amp; Perea, D. (2023). Disclosures about algorithmic decision making in the corporate reports of Western European companies. International Journal of Accounting Information Systems, 48, 100596.</subfield>
   </datafield>
   <datafield ind1="8" ind2=" " tag="024">
      <subfield code="a">https://hdl.handle.net/10630/32908</subfield>
   </datafield>
   <datafield ind1="8" ind2=" " tag="024">
      <subfield code="a">10.1016/j.accinf.2022.100596</subfield>
   </datafield>
   <datafield tag="653" ind2=" " ind1=" ">
      <subfield code="a">Sistemas de soporte a la decisión</subfield>
   </datafield>
   <datafield ind2="0" ind1="0" tag="245">
      <subfield code="a">Disclosures about algorithmic decision making in the corporate reports of Western European companies</subfield>
   </datafield>
</record>
</metadata></record></GetRecord></OAI-PMH>